000 00571nab a2200157Ia 4500
003 ES-SlBCS
005 20210601133734.0
008 140529s1999 xxu||||| |||| 00| 0 por d
041 _apor
100 1 _aCintra da Silva, Silvia Maria
_9209009
245 0 2 _aA percepçao do professor de educaçao infantil sobre o desenho da criança
_c Silvia Maria Cintra Da Silva, Cinara Sommerthalder
650 0 4 _aEducación Infantil
_9125285
700 1 _aSommerthalder, Cinara
_9209010
773 0 _tEducaçao e Filosofia
_gvol. 13, nº. 26, 1999, págs. 237
_wRev1534
942 _cAR
999 _c601355
_d601355